000 07701cam a22016694i 4500
003 PE-LiUPU
005 20250813185402.0
008 150623s2000 pe r 000 0 spa d
020 _aSin ISBN
035 _a(Sirsi) a22920
040 _aPE-LiUPU
_bspa
_cPE-LiUPU
_erda
082 0 4 _a376.9
_bR74
_221
082 0 4 _a376.9
_bR74 2000
100 1 _aRodríguez Curi, Eleodoro,
_eautor.
245 1 0 _aDidáctica para el siglo XXI /
_cEleodoro Rodríguez Curi.
250 _aNo tiene
264 1 _aLima :
_bEditorial Imprenta Unión de la Universidad Peruana Unión,
_c[2000].
300 _a192 páginas :
_bilustraciones ;
_c21 centímetros.
336 _atext
_2rdacontent
337 _aunmediated
_2rdamedia
338 _avolume
_2rdacarrier
504 _aBibliografía: página 40-42.
505 0 _aEl diseño curricular -- La unidad didáctica o unidad de aprendizaje -- la adaptación del currículo a través de unidades didácticas -- Técnicas y estrategias didácticas -- Técnicas para el desarrollo de la creatividad en el lenguaje oral, escrito, la expresión oral y dramática -- Cómo preparar lección -- Estrategias didácticas para las ciencias naturales -- Evaluación de la enseñanza y del aprendizaje -- Modulo de aprendizaje -- Evaluación e inteligencias múltiples -- Evaluación de competencias -- Evaluación de los contenidos según su tipología -- El componente cognitivo de la moral.
526 _aP202
526 _aP201
526 _aP163
526 _aP162
526 _aP161
526 _aP160
526 _aP148
526 _aP147
526 _aP146
526 _aP145
526 _aP144
526 _aP143
526 _aP142
526 _aP141
526 _aP140
526 _aP139
526 _aP138
526 _aP137
526 _aP136
526 _aP135
526 _aP134
526 _aP133
526 _aP129
526 _aP128
526 _aP127
526 _aP120
526 _aP119
526 _aP118
526 _aP116
526 _aP115
526 _aP114
526 _aP110
526 _aP109
526 _aP108
526 _aP104
526 _aP103
526 _aP102
526 _aP99
526 _aP98
526 _aP97
526 _aP96
526 _aP95
526 _aP93
526 _aP90
526 _aP89
526 _aP88
526 _aP83
526 _aP82
526 _aP62
526 _aP59
526 _aP58
526 _aP57
526 _aP51
526 _aP49
526 _aP48
526 _aP47
526 _aP29
526 _aP24
526 _aP20
526 _aP19
526 _aP17
526 _aP15
526 _aP14
526 _aP12
526 _aP10
526 _aP09
526 _aP08
526 _aP07
526 _aP06
526 _aP05
526 _aP04
526 _aP01
541 _g001-00003175;
650 0 4 _aCurrículo.
_9398
700 1 _aAlfonso Paredes Aguirre,
_eautor.
700 1 _aVíctor Alvarez Manrique,
_eautor.
910 _cigq
910 _btqv
_cwelc
_d20161107
942 _2ddc
_cBOOK
949 _a376.9 R74
_wDEWEY
_c1
_i46942
_lCCODEBUL1
_mBUL
_p00.00
_r0
_sY
_tBOOK
_u2015-06-24
_xEDUCACION
_zUNKNOWN
_0COMPRA
_o.STAFF. Colección General
949 _a376.9 R74
_wDEWEY
_c2
_i47459
_lCCODEBUL1
_mBUL
_p00.00
_r0
_sY
_tBOOK
_u2015-06-24
_xEDUCACION
_zUNKNOWN
_0COMPRA
_o.STAFF. Colección General
949 _a376.9 R74
_wDEWEY
_c3
_i49739
_lCCODEBUL1
_mBUL
_p00.00
_r0
_sY
_tBOOK
_u2015-06-24
_xEDUCACION
_zUNKNOWN
_0COMPRA
_o.STAFF. Colección General
949 _a376.9 R74
_wDEWEY
_c4
_i50140
_lCCODEBUL1
_mBUL
_p00.00
_r0
_sY
_tBOOK
_u2015-06-24
_xEDUCACION
_zUNKNOWN
_0COMPRA
_o.STAFF. Colección General
949 _a376.9 R74
_wDEWEY
_c5
_i50151
_lCCODEBUL1
_mBUL
_p00.00
_r0
_sY
_tBOOK
_u2015-06-24
_xEDUCACION
_zUNKNOWN
_0COMPRA
_o.STAFF. Colección General
949 _a376.9 R74
_wDEWEY
_c6
_i50152
_lCCODEBUL1
_mBUL
_p00.00
_r0
_sY
_tBOOK
_u2015-06-24
_xEDUCACION
_zUNKNOWN
_0COMPRA
_o.STAFF. Colección General
949 _a376.9 R74
_wDEWEY
_c7
_i50153
_lCCODEBUL1
_mBUL
_p00.00
_r0
_sY
_tBOOK
_u2015-06-24
_xEDUCACION
_zUNKNOWN
_0COMPRA
_o.STAFF. Colección General
949 _a376.9 R74 2000
_wDEWEY
_c1
_iFJ03843
_lCCODEBUJ1
_mBUJ
_p15.00
_r0
_sY
_tBOOK
_u2016-11-07
_xBIBLIOTECA
_zUNKNOWN
_0COMPRA
_o.STAFF. Colección General Juliaca
949 _a376.9 R74 2000
_wDEWEY
_c1
_iFJ05233
_lCCODEBUJ1
_mBUJ
_p15.00
_r0
_sY
_tBOOK
_u2017-01-11
_xBIBLIOTECA
_zUNKNOWN
_0COMPRA
_o.STAFF. Colección General Juliaca
596 _a1 2 3
999 _a376.9 R74
_wDEWEY
_c23540
_i46942
_d23540
_e2017-2-9
_f2021-11-8
_g5
_lCCODEBUL1
_mBUL
_n1
_r0
_sY
_tBOOK
_u2015-6-24
_xEDUCACION
_zUNKNOWN
_0COMPRA
_o.STAFF. Colección General
999 _a376.9 R74
_wDEWEY
_c2
_i47459
_f2021-11-8
_g5
_lCCODEBUL1
_mBUL
_r0
_sY
_tBOOK
_u2015-6-24
_xEDUCACION
_zUNKNOWN
_0COMPRA
_o.STAFF. Colección General
999 _a376.9 R74
_wDEWEY
_c3
_i49739
_d2018-4-15
_f2019-12-10
_g4
_lDISCARD
_mBUL
_q1
_r0
_sY
_tBOOK
_u2015-6-24
_xEDUCACION
_zUNKNOWN
_0COMPRA
_o.STAFF. Colección General
999 _a376.9 R74
_wDEWEY
_c4
_i50140
_d2018-9-11
_e2018-9-3
_f2021-11-8
_g5
_lCCODEBUL1
_mBUL
_n1
_r0
_sY
_tBOOK
_u2015-6-24
_xEDUCACION
_zUNKNOWN
_0COMPRA
_o.STAFF. Colección General
999 _a376.9 R74
_wDEWEY
_c5
_i50151
_d2019-2-6
_f2021-11-8
_g5
_lCCODEBUL1
_mBUL
_q2
_r0
_sY
_tBOOK
_u2015-6-24
_xEDUCACION
_zUNKNOWN
_0COMPRA
_o.STAFF. Colección General
999 _a376.9 R74
_wDEWEY
_c6
_i50152
_d2018-4-15
_f2021-11-8
_g5
_lCCODEBUL1
_mBUL
_q1
_r0
_sN
_tBOOK
_u2015-6-24
_xEDUCACION
_zUNKNOWN
_0COMPRA
_o.STAFF. Colección General
999 _a376.9 R74
_wDEWEY
_c7
_i50153
_d2018-4-15
_f2021-11-8
_g5
_lCCODEBUL1
_mBUL
_q1
_r0
_sN
_tBOOK
_u2015-6-24
_xEDUCACION
_zUNKNOWN
_0COMPRA
_o.STAFF. Colección General
999 _a376.9 R74 2000
_wDEWEY
_c1
_iFT00366
_f2019-2-20
_g1
_lCCODEBUT1
_mBUT
_r0
_sY
_tBOOK
_u2016-2-2
_xBIBLIOTECA
_zUNKNOWN
_0DONACION
_o.STAFF. Colección General
999 _a376.9 R74 2000
_wDEWEY
_c2
_iFT01473
_f2019-2-20
_g1
_lCCODEBUT1
_mBUT
_r0
_sY
_tBOOK
_u2016-2-2
_xBIBLIOTECA
_zUNKNOWN
_0DONACION
_o.STAFF. Colección General
999 _a376.9 R74 2000
_wDEWEY
_c3
_iFT01475
_f2019-2-20
_g1
_lCCODEBUT1
_mBUT
_r0
_sY
_tBOOK
_u2016-2-2
_xBIBLIOTECA
_zUNKNOWN
_0DONACION
_o.STAFF. Colección General
999 _a376.9 R74 2000
_wDEWEY
_c4
_iFT01474
_f2019-2-20
_g1
_lCCODEBUT1
_mBUT
_r0
_sY
_tBOOK
_u2016-2-2
_xBIBLIOTECA
_zUNKNOWN
_0DONACION
_o.STAFF. Colección General
999 _a376.9 R74 2000
_wDEWEY
_c5
_iFT01472
_f2019-2-20
_g1
_lCCODEBUT1
_mBUT
_r0
_sY
_tBOOK
_u2016-2-2
_xBIBLIOTECA
_zUNKNOWN
_0DONACION
_o.STAFF. Colección General
999 _a376.9 R74 2000
_wDEWEY
_c6
_iFT01471
_f2019-2-20
_g1
_lCCODEBUT1
_mBUT
_r0
_sY
_tBOOK
_u2016-2-2
_xBIBLIOTECA
_zUNKNOWN
_0DONACION
_o.STAFF. Colección General
999 _a376.9 R74 2000
_wDEWEY
_c1
_iFJ03843
_d2017-9-14
_e2017-9-7
_f2022-1-19
_g8
_lCCODEBUJ1
_mBUJ
_n1
_q1
_r0
_sY
_tBOOK
_u2016-11-7
_xBIBLIOTECA
_zUNKNOWN
_0COMPRA
_o.STAFF. Colección General Juliaca
999 _a376.9 R74 2000
_wDEWEY
_c2
_iFJ05233
_d2017-4-17
_e2017-4-12
_f2022-1-18
_g3
_lCCODEBUJ1
_mBUJ
_n1
_r0
_sY
_tBOOK
_u2017-1-12
_xBIBLIOTECA
_zUNKNOWN
_0COMPRA
_o.STAFF. Colección General Juliaca
980 _81
_gALBERTO SANCHEZ Responsable de Automatización